000 00340nam a2200133Ia 4500
008 240624s9999 xx 000 0 und d
041 _aeng
082 _a954 BAY
100 _aBAYLY C A
245 _aINDIAN SOCIETY AND THE MAKING OF THE BRI
260 _c1990
_aEmpire
_bCambridge University Press
300 _a248 : p.
365 _cRS
_b28
999 _c20864
_d20864